Statistics for The Bible - Multiple Choice

Click here to take the quiz!

General Stats

  • This quiz has been taken 9,394 times
  • The average score is 11 of 15

Answer Stats

Question Answer % Correct
What was the profession of Joseph, Jesus's earthly father?Carpenter
95%
How long did it rain during the deluge that killed everyone except for Noah and his family?Forty days and nights
88%
How long did Methuselah live?969 years
85%
What did King Solomon propose to do when two women were claiming to be a child's real mother?Cut the baby in half
84%
Who was Lazarus?A man that Jesus brought back from the dead
81%
When Moses came down from Mt. Sinai what did he discover the Israelites worshiping?A golden calf
80%
How did Jesus enter Jerusalem on Palm Sunday?On a donkey
79%
Which of these is NOT a book in the Bible?Elijah
79%
Why did Cain kill Abel?He was jealous because God preferred Abel's sacrifice
74%
Other than Jesus, did any other Bible characters ascend directly to heaven?Yes
73%
What did King David do when he became infatuated with Bathsheba?Arranged to have her husband killed, then married her
73%
How does John 3:16 start?For God so loved the world, that he gave his only begotten Son
65%
Who or what is an epistle?A letter that became a book of the Bible
61%
Who is credited with writing about half of the Book of Psalms?David
47%
Moses led the Israelites out of Egypt. But who led them into Egypt?Joseph
44%

Score Distribution

Percentile by Number Answered

Percent of People with Each Score

Your Score History

You have not taken this quiz